|
|
|
|
| LEADER |
00000nam0a2200000 4500 |
| 001 |
166681 |
| 005 |
20231031162542.0 |
| 010 |
|
|
|a 5255001570
|
| 035 |
|
|
|a (RuTPU)RU\TPU\book\180794
|
| 090 |
|
|
|a 166681
|
| 100 |
|
|
|a 20091006d1990 km y0rusy50 ca
|
| 101 |
0 |
|
|a rus
|
| 102 |
|
|
|a RU
|
| 105 |
|
|
|a y z 000zy
|
| 200 |
1 |
|
|a Справочник ветерана: вопросы и ответы
|f В. А. Балашов [и др.]
|
| 210 |
|
|
|a Москва
|c Профиздат
|d 1990
|
| 215 |
|
|
|a 112 с.
|c ил.
|
| 610 |
1 |
|
|a ветераны
|
| 610 |
1 |
|
|a война
|
| 610 |
1 |
|
|a труд
|
| 610 |
1 |
|
|a права
|
| 610 |
1 |
|
|a льготы
|
| 610 |
1 |
|
|a справочники
|
| 610 |
1 |
|
|a вопросы
|
| 610 |
1 |
|
|a ответы
|
| 701 |
|
1 |
|a Балашов
|b В. А.
|
| 701 |
|
1 |
|a Бороздин
|b Ю. П.
|
| 701 |
|
1 |
|a Бычков
|b Т. М.
|
| 701 |
|
1 |
|a Голяков
|b А. И.
|
| 701 |
|
1 |
|a Горбунов
|b А. Н.
|
| 801 |
|
1 |
|a RU
|b 63413507
|c 20091006
|
| 801 |
|
2 |
|a RU
|b 63413507
|c 20100325
|g RCR
|
| 942 |
|
|
|c BK
|